K zákonu o pozemkových úpravách a pozemkových úřadech.

Definícia pojmu "pozemkové úpravy" podľa zákona o úprave vlastníckych vzťahov k pôde a k inému poľnohospodárskemu majetku z 21. mája 1991. Predmet a účel pozemkových úprav. Príprava návrhu pozemkových úprav a účastníci konania o pozemkových úpravách.

Gespeichert in:
Bibliographische Detailangaben
1. Verfasser: Karfík, Z.
Format: Buchkapitel
Sprache:Tschechisch
Schlagworte:
Tags: Tag hinzufügen
Keine Tags, Fügen Sie das erste Tag hinzu!

MARC

LEADER 00000naa a2200000 4500
001 r005317
005 20221125075830.8
041 0 |a cze 
044 |a [CS] 
245 1 0 |a K zákonu o pozemkových úpravách a pozemkových úřadech.  |c Z. Karfík 
520 |a Definícia pojmu "pozemkové úpravy" podľa zákona o úprave vlastníckych vzťahov k pôde a k inému poľnohospodárskemu majetku z 21. mája 1991. Predmet a účel pozemkových úprav. Príprava návrhu pozemkových úprav a účastníci konania o pozemkových úpravách. 
610 2 0 |a pozemky 
610 2 0 |a pôda 
610 2 0 |a vlastníctvo 
610 2 0 |a zákony 
610 2 0 |a ČSFR 
610 2 0 |a 1991 
610 2 0 |a poľnohospodárstvo 
100 1 |a Karfík, Z.